00556nam a2200205 a 4500001001300000003000900013005001700022008004100039020000800080082001800088100001800106245001100124260004000135300000900175500003500184505007800219650002000297650001500317700001800332nice12345678IN_TiNIC20260116012920.0050524s1966 iraa grp 000 0 urd  ac200a891.4392bAZH aAzhar Afsar,  aSanoli aIranbIdara-I-Adabiyat-I-Urduc1966 a176p aincludes index and biblioraphy2 aby a working party of the churches`committee on migrant workers in europe aUrdu-Literature aDrama-Urdu1 aAzhar Afsar,